00577 2200217 4500001002100000005001700021008004100038020001800079035002400097040001200121082001100133090001600144245007600160250001100236260003100247300001700278650002400295700001300319850001200332990001500344YOGYA-0209000002033120090227023419.0 ind  a979-8692-33-0 0010-020900000020331 aYOPDYOG a302.5P a302.5PbMen aMenuju Masyarakat MadanibSejumlah TempiascTabrani Rab.editor, Fekatra aCet. 1 aPekanbarubUnriPressc1999 cxvi, 409 hlm aDemokrasi Pancasila aFeliatra aYOPDYOG a00P0006577